[Event "Bundesliga 2022-23"]
[Site "Bremen GER"]
[Date "2023.03.18"]
[Round "10.3"]
[Board "5"]
[White "Buhmann, Rainer"]
[Black "Efimenko, Zahar"]
[Result "1-0"]
[WhiteTitle "GM"]
[BlackTitle "GM"]
[WhiteElo "2561"]
[BlackElo "2599"]
[WhiteTeam "SC Viernheim"]
[BlackTeam "SV Werder Bremen"]
[WhiteFideId "4651340"]
[BlackFideId "14107201"]
[EventDate "2022.10.22"]

1. d4 d6 2. e4 Nf6 3. Nc3 g6 4. Be3 c6 5. Nf3 Bg7 6. Qd2 Nbd7 7. Bh6 Bxh6 8.
Qxh6 e5 9. dxe5 dxe5 10. Bd3 Ng4 11. Qg7 Qf6 12. Qxf6 Ngxf6 13. a4 a5 14. O-O
Ke7 15. Nd2 Ne8 16. Nc4 Nd6 17. Nxd6 Kxd6 18. Bc4 Ke7 19. f3 Nc5 20. Rfd1 Be6
21. Bxe6 Kxe6 22. Kf2 h5 23. h4 f5 24. exf5+ gxf5 25. b3 Rad8 26. Ne2 f4 27. g3
Kf5 28. gxf4 exf4 29. Nd4+ Kf6 30. Ne2 Ke5 31. Rab1 Rhg8 32. Rxd8 Rxd8 33. Ke1
Na6 34. Rd1 Rxd1+ 35. Kxd1 Nb4 36. Nc1 b6 37. Kd2 Nd5 38. Nd3+ Kf5 39. c4 Nc7
40. c5 b5 41. b4 axb4 42. a5 Na6 43. Kc2 Kf6 44. Kb3 Kf5 45. Nxb4 Nxc5+ 46. Kc2
Ke5 47. a6 Nxa6 48. Nxa6 c5 49. Nc7 Kd4 50. Kd2 b4 51. Ne6+ Kc4 52. Nxf4 Kb3 53.
Ne2 Kc4 54. Kc2 b3+ 55. Kd2 b2 56. Nc3 Kd4 57. Nb1 Ke5 58. Ke3 c4 59. f4+ Kd5
60. Nc3+ Ke6 61. Ke4 Kf6 62. f5 Kf7 63. Ke5 1-0

[Event "Bundesliga 2022-23"]
[Site "Bremen GER"]
[Date "2023.03.18"]
[Round "10.3"]
[Board "6"]
[White "Hracek, Zbynek"]
[Black "Maze, Sebastien"]
[Result "1/2-1/2"]
[WhiteTitle "GM"]
[BlackTitle "GM"]
[WhiteElo "2542"]
[BlackElo "2530"]
[WhiteTeam "SV Werder Bremen"]
[BlackTeam "SC Viernheim"]
[WhiteFideId "300071"]
[BlackFideId "613762"]
[EventDate "2022.10.22"]

1. e4 c5 2. Nf3 Nc6 3. Bb5 g6 4. O-O Bg7 5. c3 Nf6 6. Re1 O-O 7. d4 d5 8. e5 Ne4
9. Be3 Qb6 10. Bxc6 bxc6 11. Qc1 c4 12. Nbd2 Nxd2 13. Nxd2 Bf5 14. b3 Qa6 15. a4
Bd3 16. Qa3 Rfe8 17. Bf4 e6 18. b4 Qb7 19. a5 Qe7 20. Nf3 h6 21. Qc1 g5 22. Bg3
Kh7 23. Re3 Rh8 24. Rxd3 cxd3 25. Qd2 Kg8 26. Re1 Kf8 27. Rf1 Ke8 28. Qxd3 Qb7
29. h4 Bf8 30. hxg5 Qb5 31. Qe3 hxg5 32. Nxg5 Bh6 33. Bf4 Bxg5 34. Bxg5 Kd7 35.
Re1 Rh7 36. Bf6 Rg8 37. Qf3 Rg6 38. g3 Qb8 39. Kg2 Rgh6 40. Bh4 Qg8 41. Kf1 Qb8
42. Ke2 Qb5+ 43. Kd2 Kc8 44. Ra1 a6 45. Kc2 Kd7 46. Re1 Qb8 47. Re3 Qb5 48. Kb2
Ke8 49. Qe2 Rh5 50. Kb3 Kd7 1/2-1/2

[Event "Bundesliga 2022-23"]
[Site "Bremen GER"]
[Date "2023.03.18"]
[Round "10.3"]
[Board "7"]
[White "Libiszewski, Fabien"]
[Black "Pruijssers, Roeland"]
[Result "1/2-1/2"]
[WhiteTitle "GM"]
[BlackTitle "GM"]
[WhiteElo "2512"]
[BlackElo "2555"]
[WhiteTeam "SC Viernheim"]
[BlackTeam "SV Werder Bremen"]
[WhiteFideId "616834"]
[BlackFideId "1013068"]
[EventDate "2022.10.22"]

1. e4 e5 2. Nf3 Nf6 3. Nxe5 d6 4. Nf3 Nxe4 5. d3 Nf6 6. d4 d5 7. Bd3 Bd6 8. O-O
O-O 9. h3 h6 10. Nc3 c6 11. Re1 Re8 12. Ne5 c5 13. Nb5 c4 14. Nxd6 Qxd6 15. Bf1
Bf5 16. b3 cxb3 17. axb3 Nc6 18. Ba3 Qc7 19. Nxc6 Qxc6 20. c4 Rxe1 21. Qxe1 Re8
22. Qa5 a6 23. Rc1 Qd7 24. Bb2 Re6 25. Re1 Rxe1 26. Qxe1 Be6 27. Qe5 Qc8 28. c5
Nd7 29. Qd6 Qb8 30. Qxb8+ Nxb8 31. g4 Nc6 32. Bc3 f5 33. f3 Kf7 34. Kf2 g5 35.
Ke3 Kf6 36. Bd3 f4+ 37. Kd2 Bf7 38. Bf5 Be6 39. Bd3 Bd7 40. Ke1 Be8 41. Bf5 Ne7
42. Bd3 Bg6 43. Kd2 Bxd3 44. Kxd3 Ke6 45. Be1 Kd7 46. Kc3 Nc6 47. h4 a5 48. h5
Kc8 49. Kd3 Kb8 50. Bc3 Ka7 51. Kc2 Ka6 52. Bb2 Kb5 53. Kc3 Nd8 54. Ba3 Ne6 55.
Bc1 a4 56. bxa4+ Kxa4 57. Bb2 Nd8 58. Bc1 Nc6 59. Bb2 Nb4 60. Ba1 Ka5 61. Bb2
Ka4 62. Ba1 Ka3 63. Bb2+ Ka2 64. Bc1 Nc6 65. Bd2 Kb1 66. Kd3 Kb2 67. Bc3+ Ka3
68. Be1 Kb3 69. Bd2 Ka4 70. Kc3 Ka3 71. Bc1+ Ka2 72. Bd2 Kb1 73. Kd3 Kb2 74.
Bc3+ Kb3 75. Bd2 Nb4+ 76. Ke2 Nc6 1/2-1/2

[Event "Bundesliga 2022-23"]
[Site "Bremen GER"]
[Date "2023.03.18"]
[Round "10.3"]
[Board "8"]
[White "Wachinger, Nikolas"]
[Black "Zaragatski, Ilja"]
[Result "1-0"]
[WhiteTitle "IM"]
[BlackTitle "GM"]
[WhiteElo "2432"]
[BlackElo "2505"]
[WhiteTeam "SV Werder Bremen"]
[BlackTeam "SC Viernheim"]
[WhiteFideId "12962791"]
[BlackFideId "4655192"]
[EventDate "2022.10.22"]

1. e4 e5 2. Nf3 Nf6 3. Nxe5 d6 4. Nf3 Nxe4 5. d4 d5 6. Bd3 Bf5 7. O-O Be7 8. Re1
O-O 9. Nbd2 Nd6 10. Nf1 c6 11. Bf4 Bxd3 12. Qxd3 Na6 13. Ne3 Re8 14. Bxd6 Bxd6
15. Nf5 Nc7 16. Rxe8+ Nxe8 17. Re1 Bf8 18. Ne5 g6 19. Qg3 Qf6 20. Ne3 h5 21. c3
Rd8 22. f4 Bd6 23. f5 g5 24. Qh3 Qh8 25. f6 Nxf6 26. Nf5 Ne4 27. Rxe4 dxe4 28.
Nxd6 g4 29. Qg3 Rxd6 30. Nxf7 Kxf7 31. Qxd6 Qe8 32. Qh6 Ke7 33. Qg5+ Kd7 34.
Qf5+ Kc7 35. Kf2 Qg8 36. b3 g3+ 37. hxg3 e3+ 38. Kf3 e2 39. Qe5+ Kd7 40. Kxe2
Qg6 41. Qe3 Qb1 42. Qd2 Qg1 43. Kf3 Qf1+ 44. Ke4 Qb1+ 45. Kf4 Qg6 46. Kf3 Qf5+
47. Ke2 b5 48. Qd3 Qg5 49. d5 Qe5+ 50. Kf2 a6 51. dxc6+ Kxc6 52. Qf3+ Kd7 53. g4
hxg4 54. Qxg4+ Kc6 55. Qf3+ Kd7 56. g3 Qc5+ 57. Qe3 Qf5+ 58. Ke2 Qh5+ 59. Kd2
Qh2+ 60. Qe2 Qh1 61. Ke3 Qh6+ 62. Kf2 Qh2+ 63. Kf3 Qh5+ 64. g4 Qh3+ 65. Ke4 Qh7+
66. Kd4 Qg7+ 67. Kd3 Qf6 68. Kc2 Kc7 69. Kb2 Kb8 70. b4 Qf4 71. Qg2 Qg5 72. Qf2
Kb7 73. Qf7+ Kb8 74. Qe8+ Kc7 75. Qe2 Kb8 76. Qg2 Kc7 77. a3 Kb8 78. Qf2 Kb7 79.
Qd4 Ka8 80. Kc2 Qg6+ 81. Kd2 Qb1 82. Ke3 Qc1+ 83. Ke4 Qxa3 84. Kd5 Qc1 85. Kc6
Qh6+ 86. Qd6 Qh1+ 87. Qd5 Qh6+ 88. Kc7+ Ka7 89. Qb7# 1-0

[Event "Bundesliga 2022-23"]
[Site "Bremen GER"]
[Date "2023.03.18"]
[Round "10.4"]
[Board "1"]
[White "Plat, Vojtech"]
[Black "Ivic, Velimir"]
[Result "0-1"]
[WhiteTitle "GM"]
[BlackTitle "GM"]
[WhiteElo "2546"]
[BlackElo "2553"]
[WhiteTeam "SC Remagen Sinzig"]
[BlackTeam "SK Kirchweyhe"]
[WhiteFideId "325740"]
[BlackFideId "950122"]
[EventDate "2022.10.22"]

1. d4 Nf6 2. c4 g6 3. g3 Bg7 4. Bg2 O-O 5. Nc3 Nc6 6. Nf3 d5 7. cxd5 Nxd5 8. e4
Nxc3 9. bxc3 e5 10. d5 Na5 11. O-O c6 12. Qa4 cxd5 13. exd5 Bd7 14. Qb4 Rc8 15.
Bg5 f6 16. Be3 b6 17. Nd2 f5 18. f3 Re8 19. Rac1 Bf8 20. Qb2 Nb7 21. c4 Nc5 22.
Qb1 Qf6 23. Kh1 h5 24. Nb3 Na4 25. Qa1 Bd6 26. Rfe1 h4 27. Bf2 hxg3 28. hxg3 Re7
29. Kg1 g5 30. c5 Nxc5 31. Nxc5 bxc5 32. Qc3 Qh6 33. Qa5 g4 34. Bxc5 gxf3 35.
Bxd6 Rxc1 36. Bxe7 Qe3+ 37. Kh2 Rxe1 38. Qd8+ Kh7 39. Bc5 Qh6+ 40. Bh3 Qd2+ 0-1

[Event "Bundesliga 2022-23"]
[Site "Bremen GER"]
[Date "2023.03.18"]
[Round "10.4"]
[Board "2"]
[White "Brkic, Ante"]
[Black "Pavlidis, Antonios"]
[Result "1/2-1/2"]
[WhiteTitle "GM"]
[BlackTitle "GM"]
[WhiteElo "2602"]
[BlackElo "2550"]
[WhiteTeam "SK Kirchweyhe"]
[BlackTeam "SC Remagen Sinzig"]
[WhiteFideId "14506688"]
[BlackFideId "4212312"]
[EventDate "2022.10.22"]

1. e4 e5 2. Nf3 Nc6 3. Bc4 Nf6 4. d3 Bc5 5. O-O d6 6. c3 a5 7. Re1 h6 8. Bb3 O-O
9. d4 Bb6 10. h3 Re8 11. Bc2 exd4 12. cxd4 Nb4 13. Nc3 Nxc2 14. Qxc2 d5 15. e5
Ne4 16. Be3 Bf5 17. Nd2 Nxd2 18. Qxf5 Nc4 19. b3 Nxe3 20. fxe3 c6 21. Rf1 f6 22.
Qg6 Rf8 23. Na4 Ba7 24. exf6 Rxf6 25. Rxf6 Qxf6 26. Qxf6 gxf6 27. Kf2 Kf7 28.
Kf3 h5 29. Rc1 f5 30. Nb2 Bb8 31. Nd3 Bd6 32. Nc5 Ra7 33. Ke2 h4 34. Kf3 Kf6 35.
Nd7+ Ke6 36. Nc5+ Kf6 37. Ke2 Kg5 38. Rc2 Kf6 39. Kf3 Kg5 40. Rc3 Kf6 41. Rc2
Kg5 42. Rc1 1/2-1/2

[Event "Bundesliga 2022-23"]
[Site "Bremen GER"]
[Date "2023.03.18"]
[Round "10.4"]
[Board "3"]
[White "Burg, Twan"]
[Black "Markus, Robert"]
[Result "1/2-1/2"]
[WhiteTitle "GM"]
[BlackTitle "GM"]
[WhiteElo "2511"]
[BlackElo "2615"]
[WhiteTeam "SC Remagen Sinzig"]
[BlackTeam "SK Kirchweyhe"]
[WhiteFideId "1010697"]
[BlackFideId "921637"]
[EventDate "2022.10.22"]

1. e4 e6 2. d4 d5 3. Nd2 a6 4. Ngf3 c5 5. dxc5 Bxc5 6. Bd3 Nc6 7. O-O Nb4 8. Be2
Ba7 9. a3 Nc6 10. exd5 exd5 11. b4 Nf6 12. Bb2 O-O 13. c4 dxc4 14. Nxc4 Be6 15.
Nce5 Nxe5 16. Bxe5 Rc8 17. Bd4 Bxd4 18. Nxd4 Bc4 19. Rc1 Bxe2 20. Nxe2 Re8 1/2-1/2

[Event "Bundesliga 2022-23"]
[Site "Bremen GER"]
[Date "2023.03.18"]
[Round "10.4"]
[Board "4"]
[White "Stevic, Hrvoje"]
[Black "Swinkels, Robin"]
[Result "0-1"]
[WhiteTitle "GM"]
[BlackTitle "GM"]
[WhiteElo "2565"]
[BlackElo "2513"]
[WhiteTeam "SK Kirchweyhe"]
[BlackTeam "SC Remagen Sinzig"]
[WhiteFideId "14502569"]
[BlackFideId "1010824"]
[EventDate "2022.10.22"]

1. e4 c5 2. c3 Nf6 3. e5 Nd5 4. Nf3 d6 5. d4 cxd4 6. cxd4 Nc6 7. Bc4 dxe5 8.
Nxe5 e6 9. O-O Be7 10. Nxc6 bxc6 11. Nc3 O-O 12. Qe2 a5 13. Na4 Bd6 14. Rd1 Re8
15. Qf3 e5 16. Nc3 exd4 17. Nxd5 cxd5 18. Bxd5 Ra7 19. Bd2 Be6 20. Bc6 Rf8 21.
b3 Qb6 22. Rac1 Rd8 23. Qd3 h6 24. g3 Ba3 25. Rc2 Rc7 26. Be4 Rxc2 27. Qxc2 Bg4
28. Re1 Bb4 29. Qd3 Bxd2 30. Qxd2 Qb4 31. Qxb4 axb4 32. f3 Be6 33. Kf2 g5 34.
Rc1 f5 35. Bb1 Kf7 36. Ke2 Kf6 37. Rc6 Rc8 38. Rxc8 Bxc8 39. Kd3 Ke5 40. Kc4 Bb7
41. Kxb4 Bxf3 42. Bd3 f4 43. gxf4+ gxf4 44. a4 Bg2 45. a5 f3 46. a6 f2 47. a7
Kf4 48. Bf1 Bh1 49. Kc4 Ke3 50. b4 Be4 51. b5 h5 52. b6 h4 53. h3 Bb7 54. Kc5 d3
55. Kd6 d2 56. Kc7 d1=Q 57. Kxb7 Qxf1 0-1

[Event "Bundesliga 2022-23"]
[Site "Bremen GER"]
[Date "2023.03.18"]
[Round "10.4"]
[Board "5"]
[White "Jaracz, Pawel"]
[Black "Jovanovic, Zoran"]
[Result "1/2-1/2"]
[WhiteTitle "GM"]
[BlackTitle "GM"]
[WhiteElo "2463"]
[BlackElo "2519"]
[WhiteTeam "SC Remagen Sinzig"]
[BlackTeam "SK Kirchweyhe"]
[WhiteFideId "1102222"]
[BlackFideId "14505320"]
[EventDate "2022.10.22"]

1. e4 Nc6 2. Nf3 d6 3. d4 Nf6 4. Nc3 g6 5. Be3 Bg7 6. Qd2 O-O 7. d5 Nb4 8. a3
Na6 9. Bxa6 bxa6 10. Bh6 Bd7 11. Bxg7 Kxg7 12. e5 dxe5 13. Nxe5 Qc8 14. O-O-O
Rd8 15. h3 Qb7 16. Ng4 Rab8 17. b3 Qb6 18. Qh6+ Kh8 19. Ne5 Be8 20. Qe3 Qxe3+
21. fxe3 Kg7 22. Rd4 e6 23. dxe6 Rxd4 24. exd4 fxe6 1/2-1/2

[Event "Bundesliga 2022-23"]
[Site "Bremen GER"]
[Date "2023.03.18"]
[Round "10.4"]
[Board "6"]
[White "Kovacevic, Aleksandar"]
[Black "Dgebuadze, Alexandre"]
[Result "1/2-1/2"]
[WhiteTitle "GM"]
[BlackTitle "GM"]
[WhiteElo "2471"]
[BlackElo "2430"]
[WhiteTeam "SK Kirchweyhe"]
[BlackTeam "SC Remagen Sinzig"]
[WhiteFideId "903124"]
[BlackFideId "203882"]
[EventDate "2022.10.22"]

1. e4 e6 2. d4 d5 3. Nd2 Nf6 4. e5 Nfd7 5. Bd3 c5 6. c3 Nc6 7. Ngf3 a6 8. O-O g6
9. Re1 Bg7 10. Nf1 Qb6 11. Bc2 cxd4 12. cxd4 f6 13. exf6 Nxf6 14. Ng3 O-O 15.
Ba4 Ng4 16. Bxc6 bxc6 17. h3 Nxf2 18. Kxf2 Bxd4+ 19. Be3 Bxe3+ 20. Rxe3 e5 21.
Qb3 Qxb3 22. axb3 e4 23. Nxe4 dxe4 24. Rxe4 c5 25. Rc1 Bb7 26. Re5 Bxf3 27. gxf3
Rab8 28. Rc3 Rf5 29. Rxf5 gxf5 30. Kg3 Rb4 31. Rxc5 Rxb3 32. Rc6 Rxb2 33. Rxa6
Kg7 34. Kf4 Rh2 35. Kg5 Rxh3 36. Ra7+ Kg8 37. f4 Rb3 38. Kxf5 Rb6 39. Kg5 Rg6+
40. Kf5 Rb6 41. Kg5 Rg6+ 1/2-1/2

[Event "Bundesliga 2022-23"]
[Site "Bremen GER"]
[Date "2023.03.18"]
[Round "10.4"]
[Board "7"]
[White "Geirnaert, Steven"]
[Black "Palac, Mladen"]
[Result "1-0"]
[WhiteTitle "IM"]
[BlackTitle "GM"]
[WhiteElo "2399"]
[BlackElo "2516"]
[WhiteTeam "SC Remagen Sinzig"]
[BlackTeam "SK Kirchweyhe"]
[WhiteFideId "203866"]
[BlackFideId "14500116"]
[EventDate "2022.10.22"]

1. d4 Nf6 2. c4 e6 3. Nc3 Bb4 4. e3 O-O 5. Bd3 d5 6. Nf3 b6 7. O-O Ba6 8. Qe2 c5
9. Rd1 cxd4 10. exd4 Bxc3 11. bxc3 dxc4 12. Bxc4 Bxc4 13. Qxc4 Qd5 14. Qe2 Rc8
15. Bd2 Nbd7 16. Be1 Ne4 17. Rd3 b5 18. Re3 Nd6 19. Rb1 Nc4 20. Re4 a6 21. h4
Nf6 22. Rf4 Nh5 23. Re4 f5 24. Ng5 g6 25. Qf3 e5 26. Rxe5 Qxf3 27. Nxf3 Nxe5 28.
Nxe5 Nf4 29. Kf1 Ra7 30. Rb3 Nd5 31. Nd3 Rc4 32. Nb2 Rc6 33. Nd3 Nb6 34. Bd2 Na4
35. Ke2 Nb6 36. Nb4 Re6+ 37. Kd3 Nc4 38. Be3 Re4 39. h5 Nxe3 40. fxe3 Rg4 41.
Rb2 Kg7 42. hxg6 hxg6 43. Nd5 Rd7 44. c4 g5 45. Rf2 bxc4+ 46. Kxc4 Kg6 47. a4
Rh4 48. Rb2 Rh1 49. Rb6+ Kg7 50. Nb4 Rg1 51. Nxa6 Rxg2 52. Nc5 Re7 53. Ne6+ Kf7
54. d5 Rg4+ 55. Kc5 Ra7 56. Nd8+ Ke8 57. Nc6 Raxa4 58. Rb8+ Kd7 59. Rd8+ 1-0

[Event "Bundesliga 2022-23"]
[Site "Bremen GER"]
[Date "2023.03.18"]
[Round "10.4"]
[Board "8"]
[White "Zelcic, Robert"]
[Black "Mainka, Romuald"]
[Result "1/2-1/2"]
[WhiteTitle "GM"]
[BlackTitle "GM"]
[WhiteElo "2495"]
[BlackElo "2366"]
[WhiteTeam "SK Kirchweyhe"]
[BlackTeam "SC Remagen Sinzig"]
[WhiteFideId "14500310"]
[BlackFideId "4600258"]
[EventDate "2022.10.22"]

1. e4 e5 2. Nf3 Nc6 3. Bb5 a6 4. Ba4 Nf6 5. O-O Bc5 6. c3 b5 7. Bb3 d6 8. d4 Bb6
9. Be3 Bg4 10. Nbd2 h6 11. h3 Bd7 12. dxe5 Nxe5 13. Bxb6 cxb6 14. Nd4 O-O 15. f4
Nc6 16. Bc2 Re8 17. Qf3 Rc8 18. Qd3 Nxd4 19. Qxd4 Qc7 20. Rad1 Bc6 21. Rfe1 Bb7
22. Nf3 Rcd8 23. Nh4 Qc5 24. b4 Qxd4+ 25. Rxd4 g6 26. e5 dxe5 27. Rxd8 Rxd8 28.
fxe5 Re8 29. Bb3 Bd5 30. Nf3 Bxb3 31. axb3 Nd5 32. Ra1 Ra8 33. Rd1 Nxc3 34. Rd6
a5 35. Rc6 axb4 36. e6 Re8 37. exf7+ Kxf7 38. Rxb6 Re2 39. Kf1 Rb2 40. Ne5+ Ke8
41. Rxg6 Rxb3 42. Re6+ Kf8 43. Nd7+ Kf7 44. Nc5 Ra3 45. Rc6 Na4 46. Rc7+ Kg6 47.
Rc6+ Kf7 48. Rc7+ Kf6 49. Rc6+ Kf7 1/2-1/2

[Event "Bundesliga 2022-23"]
[Site "Deggendorf GER"]
[Date "2023.03.18"]
[Round "10.5"]
[Board "1"]
[White "Blohberger, Felix"]
[Black "Narayanan, S.L."]
[Result "1/2-1/2"]
[WhiteTitle "GM"]
[BlackTitle "GM"]
[WhiteElo "2493"]
[BlackElo "2663"]
[WhiteTeam "SF Berlin"]
[BlackTeam "SV Deggendorf"]
[WhiteFideId "1632051"]
[BlackFideId "5058422"]
[EventDate "2022.10.22"]

1. d4 Nf6 2. c4 e6 3. Nf3 d5 4. Nc3 Bb4 5. Qb3 a5 6. a3 a4 7. Qc2 Bxc3+ 8. Qxc3
Ne4 9. Qc2 c5 10. dxc5 O-O 11. e3 Nd7 12. Bd2 Nxd2 13. Qxd2 dxc4 14. c6 Nb6 15.
Rc1 Qd5 16. Qxd5 exd5 17. cxb7 Bxb7 18. Nd4 Nd7 19. Be2 Ra6 20. Bd1 Nc5 21. Bc2
Rb6 22. Rb1 Rb8 23. Kd2 Ba6 24. Kc3 Nd3 25. Bxd3 cxd3 26. b4 axb3 27. Rxb3 Rxb3+
28. Nxb3 Rc8+ 29. Kd4 Rc2 30. Rd1 Rxf2 31. Rd2 Re2 32. Kxd5 Rxe3 33. Kd4 Re2 34.
Kc3 Re1 35. Kb2 f5 36. g3 g5 37. Nc5 Bb5 38. a4 Bc6 39. Nxd3 Re3 1/2-1/2

[Event "Bundesliga 2022-23"]
[Site "Deggendorf GER"]
[Date "2023.03.18"]
[Round "10.5"]
[Board "2"]
[White "Sedlak, Nikola"]
[Black "Kaasen, Tor Fredrik"]
[Result "1-0"]
[WhiteTitle "GM"]
[BlackTitle "IM"]
[WhiteElo "2472"]
[BlackElo "2445"]
[WhiteTeam "SV Deggendorf"]
[BlackTeam "SF Berlin"]
[WhiteFideId "922900"]
[BlackFideId "1516647"]
[EventDate "2022.10.22"]

1. d4 Nf6 2. Nf3 g6 3. Nc3 d5 4. Bf4 Bg7 5. Nb5 Na6 6. e3 O-O 7. h3 Ne4 8. c3 f6
9. Be2 e5 10. Bh2 c6 11. Na3 Qe7 12. Rc1 Nc7 13. O-O b5 14. Nc2 a5 15. a4 Nd6
16. axb5 cxb5 17. Nd2 Be6 18. Ra1 Kh8 19. Nb3 Nb7 20. Re1 Bg8 21. Bf1 Qd7 22.
Ra3 Ne6 23. Qa1 a4 24. Nd2 Rfc8 25. dxe5 fxe5 26. Nf3 e4 27. Nfd4 Ra5 28. Nxe6
Bxe6 29. Nd4 Bxd4 30. exd4 Ra6 31. b3 Rca8 32. bxa4 Rxa4 33. Rxa4 bxa4 34. Qa3
Kg8 35. Rb1 Nd8 36. Rb4 Qe7 37. Bb5 Ra5 38. Bxa4 Nc6 39. Rb8+ Kf7 40. Bd6 Qa7
41. Bc7 Nxb8 42. Bxa5 Bd7 43. Bb3 Be6 44. Bb4 Qxa3 45. Bxa3 g5 46. Kf1 Nc6 47.
Bb4 h5 48. Ke2 Kf6 49. Ke3 Bf7 50. Ba4 Be8 51. Bc5 Bd7 52. Bb5 Kf5 53. c4 dxc4
54. Bxc4 Nd8 55. Bb6 Nc6 56. Bd5 Nb4 57. Bxe4+ Ke6 58. Bd8 g4 59. hxg4 hxg4 60.
Kf4 Bc6 61. Bxc6 Nxc6 62. Bb6 1-0

[Event "Bundesliga 2022-23"]
[Site "Deggendorf GER"]
[Date "2023.03.18"]
[Round "10.5"]
[Board "3"]
[White "Agopov, Mikael"]
[Black "Delchev, Aleksander"]
[Result "0-1"]
[WhiteTitle "IM"]
[BlackTitle "GM"]
[WhiteElo "2464"]
[BlackElo "2503"]
[WhiteTeam "SF Berlin"]
[BlackTeam "SV Deggendorf"]
[WhiteFideId "501840"]
[BlackFideId "2900394"]
[EventDate "2022.10.22"]

1. e4 e5 2. Nf3 Nc6 3. Bb5 a6 4. Ba4 Nf6 5. O-O Be7 6. d3 d6 7. c3 O-O 8. Nbd2
Re8 9. Re1 Bf8 10. h3 b5 11. Bc2 d5 12. a4 Bb7 13. axb5 axb5 14. Rxa8 Bxa8 15.
Bb3 Na5 16. Ba2 c5 17. exd5 Bxd5 18. Bxd5 Qxd5 19. c4 Qxd3 20. Nxe5 Qd6 21. Ndf3
Nxc4 22. Nxc4 bxc4 23. Bd2 Ne4 24. Qc2 Qd3 25. Rc1 Nxd2 26. Qxd2 Re2 27. Qc3 g6
28. Qxc4 Qxc4 29. Rxc4 Rxb2 30. g4 f6 31. Re4 Kf7 32. Kf1 Rb4 33. Nd2 Rxe4 34.
Nxe4 Ke6 35. Ke2 Ke5 36. Ke3 Bh6+ 0-1

[Event "Bundesliga 2022-23"]
[Site "Deggendorf GER"]
[Date "2023.03.18"]
[Round "10.5"]
[Board "4"]
[White "Stojanovic, Dalibor"]
[Black "Seyb, Alexander"]
[Result "1/2-1/2"]
[WhiteTitle "GM"]
[BlackTitle "IM"]
[WhiteElo "2472"]
[BlackElo "2441"]
[WhiteTeam "SV Deggendorf"]
[BlackTeam "SF Berlin"]
[WhiteFideId "922692"]
[BlackFideId "4699033"]
[EventDate "2022.10.22"]

1. e4 e5 2. Bc4 Nf6 3. d3 c6 4. Nf3 d5 5. Bb3 Bb4+ 6. Bd2 Bxd2+ 7. Nbxd2 a5 8.
a4 Bg4 9. h3 Bxf3 10. Qxf3 O-O 11. O-O dxe4 12. Nxe4 Nxe4 13. Qxe4 Nd7 14. Qe3
Re8 15. Rae1 Nf6 16. Re2 e4 17. dxe4 Rxe4 18. Qf3 Rxe2 19. Qxe2 Qc7 20. Re1 Kf8
21. Qe3 b6 1/2-1/2

[Event "Bundesliga 2022-23"]
[Site "Deggendorf GER"]
[Date "2023.03.18"]
[Round "10.5"]
[Board "5"]
[White "Hess, Max"]
[Black "Bogosavljevic, Boban"]
[Result "1/2-1/2"]
[WhiteTitle "FM"]
[BlackTitle "GM"]
[WhiteElo "2361"]
[BlackElo "2533"]
[WhiteTeam "SF Berlin"]
[BlackTeam "SV Deggendorf"]
[WhiteFideId "24656666"]
[BlackFideId "931152"]
[EventDate "2022.10.22"]

1. c4 e6 2. Nf3 Nf6 3. Nc3 Bb4 4. Qc2 c5 5. a3 Bxc3 6. Qxc3 b6 7. b3 Bb7 8. Bb2
Nc6 9. e3 O-O 10. d4 cxd4 11. Nxd4 Rc8 12. Be2 d5 13. Nxc6 Bxc6 14. Rd1 Qe7 15.
Qb4 Rfe8 16. Qxe7 Rxe7 17. f3 Rd7 18. Kf2 dxc4 19. Bxc4 Rxd1 20. Rxd1 Bd5 21.
Bxf6 Bxc4 22. bxc4 gxf6 23. Rd7 Rxc4 24. Rxa7 f5 25. a4 Rb4 26. f4 Kg7 27. a5
bxa5 28. Rxa5 1/2-1/2

[Event "Bundesliga 2022-23"]
[Site "Deggendorf GER"]
[Date "2023.03.18"]
[Round "10.5"]
[Board "6"]
[White "Popovic, Dusan"]
[Black "Schmidek, Emil"]
[Result "1/2-1/2"]
[WhiteTitle "GM"]
[BlackTitle "IM"]
[WhiteElo "2486"]
[BlackElo "2414"]
[WhiteTeam "SV Deggendorf"]
[BlackTeam "SF Berlin"]
[WhiteFideId "927031"]
[BlackFideId "12908150"]
[EventDate "2022.10.22"]

1. Nf3 d5 2. g3 Nf6 3. Bg2 e6 4. O-O c5 5. c4 d4 6. e3 Nc6 7. d3 Bd6 8. exd4
cxd4 9. Bg5 h6 10. Bxf6 Qxf6 11. Nbd2 Qe7 12. a3 a5 13. Rc1 O-O 14. Ne4 Bc7 15.
c5 Bd7 16. Re1 Rfb8 17. Nfd2 b5 18. cxb6 Rxb6 19. Nc5 Ra7 20. Ndb3 Nd8 21. Nxd7
Qxd7 22. Qc2 Qb5 23. Nxd4 Qxb2 24. Qc4 Rb8 25. Rc2 Qb6 26. a4 Bd6 27. Nb5 Rd7
28. d4 Bb4 29. Rec1 Nb7 30. Qe2 Nd6 31. Rc6 1/2-1/2

[Event "Bundesliga 2022-23"]
[Site "Deggendorf GER"]
[Date "2023.03.18"]
[Round "10.5"]
[Board "7"]
[White "Thiede, Lars"]
[Black "Petrov, Martin"]
[Result "1-0"]
[WhiteTitle "IM"]
[BlackTitle "GM"]
[WhiteElo "2399"]
[BlackElo "2530"]
[WhiteTeam "SF Berlin"]
[BlackTeam "SV Deggendorf"]
[WhiteFideId "4607759"]
[BlackFideId "2911086"]
[EventDate "2022.10.22"]

1. c4 c5 2. g3 Nc6 3. Bg2 g6 4. Nc3 Bg7 5. Nf3 e5 6. O-O Nge7 7. d3 d6 8. a3 O-O
9. Rb1 a5 10. Bd2 Rb8 11. Ne1 Be6 12. Nc2 d5 13. cxd5 Nxd5 14. Ne3 Nde7 15. Na4
b6 16. b4 axb4 17. axb4 Nd4 18. bxc5 b5 19. Nb6 f5 20. Bc3 f4 21. Nc2 Nb3 22.
Rxb3 Bxb3 23. Qb1 Be6 24. Qxb5 Kh8 25. Nb4 Bg4 26. Re1 e4 27. Bxg7+ Kxg7 28. Qc4
f3 29. exf3 Bxf3 30. Qc3+ Kh6 31. dxe4 Bxg2 32. Kxg2 g5 33. Qe3 Ng6 34. h4 Nf4+
35. gxf4 gxf4 36. Qf3 Qd2 37. Nd3 Rf7 38. Rd1 Qc2 39. Ne5 Rg8+ 40. Kh3 Rf6 41.
Nbd7 1-0

[Event "Bundesliga 2022-23"]
[Site "Deggendorf GER"]
[Date "2023.03.18"]
[Round "10.6"]
[Board "1"]
[White "Nisipeanu, Liviu-Dieter"]
[Black "Eljanov, Pavel"]
[Result "1/2-1/2"]
[WhiteTitle "GM"]
[BlackTitle "GM"]
[WhiteElo "2615"]
[BlackElo "2697"]
[WhiteTeam "USV TU Dresden"]
[BlackTeam "Muenchener Schachclub 1836"]
[WhiteFideId "1202758"]
[BlackFideId "14102951"]
[EventDate "2022.10.22"]

1. e4 e5 2. Nf3 Nc6 3. d4 exd4 4. c3 dxc3 5. Bc4 d6 6. Nxc3 Be6 7. Bxe6 fxe6 8.
Qb3 Qd7 9. O-O Be7 10. Rd1 Bf6 11. Bf4 Bxc3 12. Qxc3 Nf6 13. e5 Ne4 14. Qb3 O-O
15. exd6 cxd6 16. Qe3 d5 17. Qxe4 dxe4 18. Rxd7 exf3 19. Be3 Rab8 20. Rad1 a6
21. Rc7 Ne5 22. h3 fxg2 23. Ba7 1/2-1/2